Europe in the nineteenth and twentieth centuries (1789-1950). Ed 6. (Record no. 79446)
[ view plain ]
| 000 -LEADER | |
|---|---|
| fixed length control field | 00428nam a2200145Ia 4500 |
| 008 - FIXED-LENGTH DATA ELEMENTS--GENERAL INFORMATION | |
| fixed length control field | 210210b1969 xxu||||| |||| 00| 0 eng d |
| 082 ## - DEWEY DECIMAL CLASSIFICATION NUMBER | |
| Classification number | 940.27 GRAE |
| 100 ## - MAIN ENTRY--PERSONAL NAME | |
| Personal name | GRANT (A J) and TEMPERLEY (Harold). |
| 245 ## - TITLE STATEMENT | |
| Title | Europe in the nineteenth and twentieth centuries (1789-1950). Ed 6. |
| 250 ## - EDITION STATEMENT | |
| Edition statement | |
| 260 ## - PUBLICATION, DISTRIBUTION, ETC. | |
| Place of publication, distribution, etc. | London. |
| Name of publisher, distributor, etc. | Longmans Green And Co Ltd., |
| Date of publication, distribution, etc. | 1969 |
| 300 ## - PHYSICAL DESCRIPTION | |
| Extent | xxii,603 |
| 690 ## - LOCAL SUBJECT ADDED ENTRY--TOPICAL TERM (OCLC, RLIN) | |
| Topical term or geographic name as entry element | European History |
| 906 ## - LOCAL DATA ELEMENT F, LDF (RLIN) | |
| a | 028192 |
| Withdrawn status | Lost status | Source of classification or shelving scheme | Damaged status | Not for loan | Collection code | Home library | Current library | Shelving location | Date acquired | Cost, normal purchase price | Total Checkouts | Full call number | Barcode | Date last seen | Price effective from | Koha item type |
|---|---|---|---|---|---|---|---|---|---|---|---|---|---|---|---|---|
| Dewey Decimal Classification | History | St Aloysius Library | St Aloysius Library | Secondary stack section | 02/17/2021 | 0.00 | 940.27 GRAE | 028192 | 02/17/2021 | 02/17/2021 | Book |